[Event "Valdepenas U1600 op 2nd"]
[Site "Valdepenas"]
[Date "2020.07.26"]
[Round "7.5"]
[White "Diaz Lopez, Santiago David"]
[Black "Perez Gracia, Adrian"]
[Result "1-0"]
[WhiteElo "1459"]
[BlackElo "1542"]
[PlyCount "59"]
[EventDate "2020.07.25"]
[EventType "swiss (rapid)"]
[EventRounds "7"]
[EventCountry "ESP"]
[SourceTitle "EXT 2024"]
[Source "ChessBase"]
[SourceDate "2023.10.10"]
[SourceVersion "1"]
[SourceVersionDate "2023.10.10"]
[SourceQuality "1"]

1. c4 c5 2. Nc3 Nc6 3. g3 d6 4. Bg2 g6 5. e3 Bg7 6. Nge2 Nf6 7. 0-0 0-0 8. d4 cxd4 9. Nxd4 Bd7 10. Rb1 Rb8 11. a3 a6 12. b4 Ne5 13. c5 dxc5 14. bxc5 Qc7 15. Ne4 Nd5 16. Bb2 f5 17. Nc3 Nxc3 18. Bxc3 b5 19. Qb3+ Kh8 20. c6 Nxc6 21. Bxc6 Bxc6 22. Ne6 Qb7 23. Bxg7+ Kg8 24. Nc5+ Kxg7 25. Nxb7 Bxb7 26. Qe6 Rf7 27. Qe5+ Kh6 28. Qxb8 Be4 29. Qf4+ g5 30. Qe5 1-0

[Event "Valdepenas U1600 op 2nd"]
[Site "Valdepenas"]
[Date "2020.07.26"]
[Round "6.4"]
[White "Perez Gracia, Adrian"]
[Black "Buzica Patrin, Teo Adrian"]
[Result "0-1"]
[WhiteElo "1542"]
[BlackElo "1526"]
[PlyCount "32"]
[EventDate "2020.07.25"]
[EventType "swiss (rapid)"]
[EventRounds "7"]
[EventCountry "ESP"]
[SourceTitle "EXT 2024"]
[Source "ChessBase"]
[SourceDate "2023.10.10"]
[SourceVersion "1"]
[SourceVersionDate "2023.10.10"]
[SourceQuality "1"]

1. e4 c5 2. Nf3 a6 3. b3 Nc6 4. Bb2 d6 5. Be2 e6 6. 0-0 Nf6 7. Nc3 Be7 8. d4 cxd4 9. Nxd4 Qc7 10. Bf3 0-0 11. a4 Bd7 12. Re1 Rac8 13. Rc1 Ne5 14. h3 Rfd8 15. Qd3 Nxd3 16. cxd3 Qb6 0-1